Дело об открытии младшего отделения приготовительного класса при Кутаисской прогимназии

Доступно только в Электронных читальных залах Найти на картеНа карте
RUSMARC
00003696nmc2a22000003x 450
0014a0a98b8-5bfa-4f1f-b111-04c6eb4e4d77
00520191106185826.0
100##$a20180613l18871887k l0rusy0189 ca
1010#$arus
102##$aRU
2001#$aДело об открытии младшего отделения приготовительного класса при Кутаисской прогимназии
$j27 марта - 2 апреля 1887 г.
251##$cДело
300##$aДело
801#0$aRU
$bРГИА
$c20180613
$gRCR
801#1$aRU
$bГлавНИВЦ
$c20180613
$2rusmarc
801#2$aRU
$bПБ им. Б.Н. Ельцина
$c20191106
$gRCR
$2rusmarc
850##$aРГИА
852##$aРГИА
$eФедеральное казенное учреждение "Российский государственный исторический архив" (РГИА)
$j496
937##$hРГИА
$d12231483
$aASBIBLIO_SCAN
462#0$10013f08f965-f02b-4101-ba00-0f1be0188a04
$12001
$aДела разряда средних учебных заведений Департамента народного просвещения за 1883-1897 гг.
$1251
$cОпись
$1852
$j165
461#0$1001a74412a3-3cc5-4d21-8f0a-dfe2fbd9e72d
$12001
$aДепартамент народного просвещения Министерства народного просвещения (1803-1917)
$1251
$cФонд
$1852
$j733
215##$a6 л.
$d36,5х26 см
371##$aДокумент не является опубликованным и широко распространяемым
105##$ay###
1222#$ad
035##$a4a0a98b8-5bfa-4f1f-b111-04c6eb4e4d77
856##$uhttp://readingroom.main.prlib.ru/item.aspx?id_node=n134378316&mode=full
Формат отображения